banner-ar

أصول التحديث فى اليابان 1568 - 1868 / (Record no. 59815)

MARC details
000 -الفاتح
حقل البيانات ثابتة الطول 01004nam a22002657a 4500
005 - وقت وتاريخ اخر تعامل مع التسجيلة
رقم الضبط 20240530110337.0
008 - عناصر البيانات ثابتة الطول - معلومات عامة
حقل البيانات ثابتة الطول 141021s2010 ua gr 000 0dara d
020 ## - الرقم الدولى المعيارى للكتب
الرقم الدولى المعيارى للكتاب 9789953823324
040 ## - مصدر الفهرسة
وكالة الفهرسة الأصلية EG-CaGPL
082 04 - رقم تصنيف ديوى العشرى
رقم الطبعة 21
رقم التصنيف 952.025
رقم المادة م أ
100 0# - المدخل الرئيسى - إسم شخصى
الإسم الشخصى محمد اعفيف
245 1# - بيان العنوان
العنوان أصول التحديث فى اليابان 1568 - 1868 /
بيان المسئوليه,etc محمد اعفيف
250 ## - بيان الطبعة
بيان الطبعة ط1
260 ## - PUBLICATION, DISTRIBUTION, ETC. (IMPRINT)
تاريخ النشر أو التوزيع 2010
300 ## - الوصف المادى
التعداد 574 ص ؛
أبعاد الوعاء 24 سم
490 ## - بيان السلسلة
عنوان السلسلة سلسلة اطروحات الدكتوراه
رقم المجلد/ التعيين التسلسلي 87
650 04 - المدخل الاضافى بالموضوع-مصطلح موضوعى
مصطلح موضوعي حكم توكو غارا
650 04 - المدخل الاضافى بالموضوع-مصطلح موضوعى
مصطلح موضوعي التعليم
التقسيم الفرعي الجغرافي اليابان
650 04 - المدخل الاضافى بالموضوع-مصطلح موضوعى
مصطلح موضوعي الكتب
التقسيم الفرعي العام صناعة وتجارة
التقسيم الفرعي الجغرافي اليابا
651 04 - المدخل الاضافى بالموضوع - اسم جغرافى
الاسم الجغرافي اليابان
التقسيم الفرعي العام تاريخ
651 04 - المدخل الاضافى بالموضوع - اسم جغرافى
مصدر الرأس أو المصطلح اليابان
التقسيم الفرعي العام تاريخ
التقسيم الفرعي الزمني العصر الحديث
651 04 - المدخل الاضافى بالموضوع - اسم جغرافى
الاسم الجغرافي اليابان
التقسيم الفرعي العام الاحوال السياسية
942 ## - عناصر المدخل الإضافي( كوها)
مصدر التصنيف او مخطط الترفيف Dewey Decimal Classification
Koha [default] item type كتاب
260 ## - PUBLICATION, DISTRIBUTION, ETC. (IMPRINT)
-- بيروت :
-- مركز دراسات الوحدة العربية ،
Holdings
حالة التراجع حالة الفقد حالة تلف ليس للاعارة المكان المؤقت الموقع الحالى تاريخ الاكتساب اجمالي اﻻعارات رقم الطلب الباركود تاريخ اخر مشاهدة تاريخ تفعيل السعر نوع وعاء كوها
        مكتبة القاهرة الكبرى مكتبة القاهرة الكبرى 10/21/2014   952.025 م أ 158769 10/21/2014 10/21/2014 كتاب

Powered By

EGPV